Normal view MARC view

Entry Personal Name

Number of records used in: 2

001 - CONTROL NUMBER

  • control field: 43380

003 - CONTROL NUMBER IDENTIFIER

  • control field: dpl

005 - DATE AND TIME OF LATEST TRANSACTION

  • control field: 20120305101835.0

008 - FIXED-LENGTH DATA ELEMENTS

  • fixed length control field: 120305|||a|||||| | ||| d

040 ## - CATALOGING SOURCE

  • Original cataloging agency: dpl
  • Transcribing agency: dpl

100 ## - HEADING--PERSONAL NAME

  • Personal name: शोभनाथ लाल

670 ## - SOURCE DATA FOUND

  • Source citation: Work cat.: (dpl): शोभनाथ लाल , हमारे सांस्कृतिक स्थल जहाँ-जहाँ पग धरे राम ने /, 1999

670 ## - SOURCE DATA FOUND

  • Source citation: Work cat.: (dpl): शोभनाथ लाल , हमारे सांस्कृतिक स्थल जहाँ-जहाँ पग धरे राम ने /, 1999

© Delhi Public Library
Hit Counter
free hit counter